000 01160pam a2200337 i 4500
003 EG-GICUC
005 20260503102028.0
008 880307s1988 njua frb 001 0 eng d
020 _a013465014X
040 _aDLC
_cDLC
_dDLC
_dEG-GICUC
_beng
_erda
050 0 0 _aHD30.28
_b.P315 1988
082 0 0 _a338.926
_219
092 0 4 _221
099 _aLaw 13 1988
100 1 _aParker, Marilyn M.
245 1 0 _aInformation economics :
_blinking business performance to information technology /
_cMarilyn M. Parker, Robert J. Benson, with H.E. Trainor.
264 _aEnglewood Cliffs, N.J. :
_bPrentice Hall,
_c1988.
300 _axiii, 287 pages :
_billustrations ;
_c25 cm.
336 _atext
_2rdacontent
337 _aComputer
_2rdamedia
338 _aOnline Resource
_2rdacarrier
504 _aIncludes bibliographical references (p. 274-279) and index.
650 0 _aStrategic planning.
650 0 _aInformation technology.
650 0 _aIndustrial management.
700 1 _aBenson, Robert J.
700 1 _aTrainor, H. Edgar,
_d1943-
856 4 0 _uhttps://fll.law.cu.edu.eg/fulltext/bks/ENGB13-00109.pdf
905 _a10
942 _2ddc
_cBK
_e21
_n0
999 _c75085
_d75085